000 01332pam a2200361 i 4500
999 _c821
_d821
001 017652966
003 Uk
005 20191220110945.0
008 151020s2016 enkab j 000|1|eng|d
015 _aGBB5H4693
_2bnb
016 7 _a017652966
_2Uk
020 _a9781405281799 (paperback) :
040 _aStDuBDS
_beng
_cStDuBDS
_dUk
_erda
042 _aukblcatcopy
082 _aFIC MOR
100 1 _aMorpurgo, Michael,
_eauthor.
245 1 0 _aKensuke's kingdom /
_cMichael Morpurgo ; Illustrations by Michael Foreman.
264 1 _aLondon :
_bEgmont UK Limited,
_c2016.
300 _a157 pages :
_billustrations, maps ;
_c20 cm
336 _atext
_2rdacontent
336 _astill image
_2rdacontent
337 _aunmediated
_2rdamedia
338 _avolume
_2rdacarrier
500 _aBonus materials at back of book.
500 _aFormerly CIP.
_5Uk
520 _aFrom the author of the internationally acclaimed War Horse, this is a spellbinding adventure story about friendship and survival. Kensuke's Kingdom was shortlisted for the Whitbread Prize and won the FCB Award.`A dazzling adventure' - The Times
521 1 _a8+.
650 0 _aShipwreck survival
_vJuvenile fiction.
655 0 _aAdventure stories.
655 0 _aChildren's stories.
700 1 _aForeman, Michael,
_d1938-
_eillustrator.
942 _2ddc
_cFIC